000 00877nam a2200265 a 4500
003 DO-SdBNP
005 20220923135747.0
007 ta
008 220923e1992 dr ||||frgl||a00| 0 spa d
040 _aDO-SdBNP
_bspa
_cBNPHU
082 4 _222
_bC741s
240 _aLey 772
245 0 3 _aLa comunicación social en las Leyes dominicana y Ley 772 de retiro, jubilaciones pensiones y seguros
260 _aSanto Domingo :
_b[s.n.],
_c1992
300 _a125 p. ;
_c21 cm.
490 0 _aTextos Universitarios de Comunicación Social.
500 _aIncluye bibliografia y notas al pié de páginas.
590 _aInventariado 2022 / MF
650 4 _aLegislacion judicial
_930795
650 4 _aPoder judicial
_xLegislación
_930796
651 _aRepública Dominicana
_xLeyes
_916541
651 4 _aRepública Dominicana
_xLey 772
_982430
910 _aMFeliz
942 _2ddc
_cLBS1
999 _c52458
_d52458